000 00400nam a2200169Ia 4500
008 151213s9999 xx 000 0 und d
020 _a071000291-2
100 _aJ.P. Hardly
245 _aSamuel Johnson
_cJ.P. Hardly
250 _a1st
260 _aLondon
_bRoutledge & kegan Paul
_c1979
300 _a4652 p.
650 _aCritics
650 _aEnglish
700 _aJ.P. Hardly
999 _c2999
_d2999